LEADER 01164nam--2200397---450- 001 990000875840203316 005 20050502152906.0 035 $a0087584 035 $aUSA010087584 035 $a(ALEPH)000087584USA01 035 $a0087584 100 $a20020115d1982----km-y0itay0103----ba 101 $aita 102 $aIT 105 $a||||||||001yy 200 1 $aBallare il film$fClaver Salizzato 210 $aRoma$cSavelli$d1982 215 $a191 p.$c62 p. di tav. ill.$d22 cm 225 2 $aSavelli spettacolo$v2 410 $12001$aSavelli spettacolo$v2 461 1$1001-------$12001 606 0 $aFilm musicali$yStati Uniti d'America 676 $a791.43750973 700 1$aSALIZZATO,$bClaver$0527540 801 0$aIT$bsalbc$gISBD 912 $a990000875840203316 951 $aXIII.2. 1486(XVI F 39)$b102209 LM$cXVI F 951 $aXIII.2. 1486a(XVI F 39bis)$bLM$cXVI F 959 $aBK 969 $aUMA 979 $aPATTY$b90$c20020115$lUSA01$h1659 979 $c20020403$lUSA01$h1732 979 $aPATRY$b90$c20040406$lUSA01$h1700 979 $aCOPAT1$b90$c20050502$lUSA01$h1529 996 $aBallare il film$9969017 997 $aUNISA LEADER 01969nam 2200637 450 001 996267133503316 005 20200520144314.0 010 $a1-118-94706-1 010 $a1-118-94705-3 035 $a(CKB)3710000000685533 035 $a(EBL)4530803 035 $a(SSID)ssj0001674359 035 $a(PQKBManifestationID)16472883 035 $a(PQKBTitleCode)TC0001674359 035 $a(PQKBWorkID)14863562 035 $a(PQKB)10182864 035 $a(PQKBManifestationID)16262039 035 $a(PQKBWorkID)14863563 035 $a(PQKB)24166342 035 $a(MiAaPQ)EBC4530803 035 $a(DLC) 2015050865 035 $a(Au-PeEL)EBL4530803 035 $a(CaPaEBR)ebr11213687 035 $a(CaONFJC)MIL924556 035 $a(OCoLC)933446706 035 $a(EXLCZ)993710000000685533 100 $a20160606h20162016 uy 0 101 0 $aeng 135 $aur|n|---||||| 181 $ctxt 182 $cc 183 $acr 200 00$aStatistics and causality $emethods for applied empirical research /$fedited by Wolfgang Wiedermann, Alexander von Eye 210 1$aHoboken, New Jersey :$cWiley,$d2016. 210 4$d©2016 215 $aXXVI, 438 s$cill 225 1 $aWiley Series in Probability and Statistics 311 $a1-118-94707-X 311 $a1-118-94704-5 320 $aIncludes bibliographical references at the end of each chapters and index. 410 0$aWiley series in probability and statistics. 606 $aStatistics$xMethodology 606 $aCausation 606 $aQuantitative research$xMethodology 608 $aElectronic books. 615 0$aStatistics$xMethodology. 615 0$aCausation. 615 0$aQuantitative research$xMethodology. 676 $a001.4/22 702 $aWiedermann$b Wolfgang$f1981- 702 $aEye$b Alexander von 801 0$bMiAaPQ 906 $aBOOK 912 $a996267133503316 996 $aStatistics and causality$92105072 997 $aUNISA LEADER 04390nam 2200661zu 450 001 9910133526103321 005 20210807004424.0 010 $a9782821829800 010 $a2821829809 024 7 $a10.4000/books.igpde.2786 035 $a(CKB)3390000000053808 035 $a(SSID)ssj0001537445 035 $a(PQKBManifestationID)11890207 035 $a(PQKBTitleCode)TC0001537445 035 $a(PQKBWorkID)11519533 035 $a(PQKB)11198173 035 $a(WaSeSS)IndRDA00044754 035 $a(FrMaCLE)OB-igpde-2786 035 $a(oapen)https://directory.doabooks.org/handle/20.500.12854/48022 035 $a(PPN)182836428 035 $a(FR-PaCSA)88920420 035 $a(FRCYB88920420)88920420 035 $a(oapen)doab48022 035 $a(EXLCZ)993390000000053808 100 $a20160829d1997 uy 101 0 $afre 135 $aur||||||||||| 181 $ctxt 182 $cc 183 $acr 200 13$aLa France, l'aide américaine et la construction européenne, 1944-1954. II 210 $cInstitut de la gestion publique et du développement économique$d1997 210 31$a[Place of publication not identified]$cInstitut de la gestion publique et du développement économique Comité pour l'histoire économique et$d1997 215 $a1 online resource (xx, 1042 pages) 225 1 $aE?tudes ge?ne?rales 300 $aBibliographic Level Mode of Issuance: Monograph 320 $aIncludes bibliographical references and indexes. 330 $aÀ l?heure de l?après-guerre froide et de la reconversion des ex-pays de l?Est à l?économie de marché, La France, l?aide américaine et la construction européenne constitue un ouvrage de référence pour tous ceux que soucie le devenir de l?Europe. Dans cette somme que forment la thèse qu?il a soutenue en 1988, sous la direction du professeur René Girault, et douze chapitres complémentaires, Gérard Bossuat analyse les mécanismes des aides américaines à la France, leurs conséquences intérieures, leur influence sur la politique européenne de la IVe République? Il montre combien furent malaisées, en dépit de la manne du Plan Marshall, les vastes entreprises de la reconstruction, de la modernisation et de l?intégration européenne. À travers cette histoire de l?aide américaine à la France, bilatérale, puis multilatérale, économique puis militaire, on voit agir, de Jean Monnet à Olivier Wormser, Hervé Alphand, François Bloch-Lainé, Robert Marjolin et les grands ministres, Robert Schuman, Georges Bidault, René Pleven, Léon Blum, René Mayer, ceux qui ont fait la France d?après-guerre. « En vérité, après bien d?autres ouvrages sur la IVe République, dans ce livre le lecteur va découvrir ceux qui ont fait la France actuelle, acteurs illustres et moins connus, leurs idéaux et leurs moyes. Il va comprendre un fait qui, jusqu?à maintenant, avait été moins observés que d?autres, à savoir l?influence des « amis américains » sur la gestion des affaires françaises, dans le domaine de l?économie surtout » souligne René Girault. In this post-Cold War world where the former Eastern Bloc countries have switched to a market economy, France, American Aid and European Construction is a reference for anyone worried about the future of Europe. In this study including the thesis he defended in 1988, directed by Professor René Girault, and 12 additional chapters, Gérard Bossuat analyses the mechanisms of American aid to France, its domestic impacts and its influence on the European policy of the? 410 0$aHistoire e?conomique et financie?re de la France.$pEtudes ge?ne?rales. 606 $aHistory & Archaeology$2HILCC 606 $aHistory - General$2HILCC 607 $aFrance$xEconomic conditions$y1945- 610 $ahistoire économique et financière 610 $aOTAN 610 $arelations franco-américaines 610 $aplan Marshall 610 $aPlan 610 $aconstruction européenne 610 $afinances publiques 610 $aIVe République 615 7$aHistory & Archaeology 615 7$aHistory - General 700 $aBossuat$b Gérard$0949922 801 0$bPQKB 906 $aBOOK 912 $a9910133526103321 996 $aLa France, l'aide américaine et la construction européenne, 1944-1954. II$92147275 997 $aUNINA